[Event "North Bay int."]
[Site "North Bay CAN"]
[Date "1995.08.04"]
[Round "4"]
[White "Hergott, Deen"]
[Black "Yermolinsky, Alex"]
[Result "1/2-1/2"]
[WhiteElo "2569"]
[BlackElo "2614"]
[PlyCount "42"]
[EventDate "1995.08.03"]
[EventType "swiss"]
[EventRounds "8"]
[EventCountry "CAN"]

1. Nf3 Nf6 2. c4 e6 3. g3 d5 4. Bg2 dxc4 5. Qa4+ Nbd7 6. Qxc4 c5 7. Qb3 Rb8 8.
a4 b6 9. d3 Bd6 10. Na3 a6 11. Nc4 Bc7 12. Bf4 Bxf4 13. gxf4 O-O 14. Nfe5 Nxe5
15. Nxe5 Bb7 16. Bxb7 Rxb7 17. Qc4 Qd5 18. Qxd5 Nxd5 19. e3 f6 20. Nc4 b5 21.
axb5 axb5 1/2-1/2

[Event "North Bay int."]
[Site "North Bay CAN"]
[Date "1995.08.05"]
[Round "5"]
[White "Larsen, Bent"]
[Black "Hergott, Deen"]
[Result "1/2-1/2"]
[WhiteElo "2515"]
[BlackElo "2569"]
[PlyCount "69"]
[EventDate "1995.08.03"]
[EventType "swiss"]
[EventRounds "8"]
[EventCountry "CAN"]

1. d4 e6 2. Nf3 Nf6 3. g3 b6 4. Bg2 Bb7 5. c4 Bb4+ 6. Nbd2 O-O 7. O-O d5 8.
cxd5 exd5 9. Ne5 Nbd7 10. Ndc4 c6 11. Nxd7 Qxd7 12. Ne5 Qe6 13. Bf4 Rfe8 14.
Qb3 Bd6 15. Nd3 Ba6 16. Bxd6 Qxd6 17. Rfe1 c5 18. Qa3 Bxd3 19. exd3 a5 20. dxc5
Qxc5 21. Qxc5 bxc5 22. Rxe8+ Rxe8 23. Rc1 Rc8 24. Rc3 Kf8 25. Rb3 a4 26. Rb7 c4
27. dxc4 Rxc4 28. Bf1 Rc2 29. Rb4 a3 30. bxa3 Rxa2 31. Rb8+ Ke7 32. Rb7+ Kf8
33. Rb8+ Ke7 34. Rb7+ Kf8 35. Rb8+ 1/2-1/2

[Event "North Bay int."]
[Site "North Bay CAN"]
[Date "1995.08.05"]
[Round "6"]
[White "Hergott, Deen"]
[Black "Livshits, Ron"]
[Result "1/2-1/2"]
[WhiteElo "2569"]
[BlackElo "2524"]
[PlyCount "57"]
[EventDate "1995.08.03"]
[EventType "swiss"]
[EventRounds "8"]
[EventCountry "CAN"]

1. Nf3 Nf6 2. c4 c6 3. d4 d5 4. e3 e6 5. Nc3 Nbd7 6. Be2 Bd6 7. O-O O-O 8. b3
Re8 9. Bb2 b6 10. Qc2 Bb7 11. e4 Nxe4 12. Nxe4 dxe4 13. Qxe4 Qe7 14. Rad1 Rad8
15. Bd3 Nf8 16. Rfe1 Ng6 17. Qg4 f5 18. Qg5 Qf7 19. Qh5 h6 20. c5 Bc7 21. b4
Nf4 22. Qxf7+ Kxf7 23. Bc4 Nd5 24. a3 b5 25. Bb3 a5 26. Ne5+ Bxe5 27. Rxe5 a4
28. Bxd5 Rxd5 29. Bc1 1/2-1/2

[Event "North Bay int."]
[Site "North Bay CAN"]
[Date "1995.08.06"]
[Round "7"]
[White "Hergott, Deen"]
[Black "Polgar, Sofia"]
[Result "1/2-1/2"]
[WhiteElo "2569"]
[BlackElo "2485"]
[PlyCount "61"]
[EventDate "1995.08.03"]
[EventType "swiss"]
[EventRounds "8"]
[EventCountry "CAN"]

1. g3 d5 2. Bg2 c6 3. Nf3 Nf6 4. O-O h6 5. d3 Bf5 6. c4 e6 7. Qb3 Qc8 8. cxd5
exd5 9. e4 dxe4 10. Nd4 Bh3 11. dxe4 Bc5 12. Nf5 Bxf5 13. exf5 O-O 14. Nc3 Na6
15. Bf4 Qxf5 16. Qxb7 Nb4 17. a3 Nd3 18. Qxc6 Nxf4 19. gxf4 Rad8 20. Rad1 Rxd1
21. Rxd1 Bb6 22. Ne4 Nh5 23. Ng3 Nxg3 24. hxg3 Rc8 25. Qe4 Qg4 26. Rd3 Rc1+ 27.
Kh2 Qh5+ 28. Bh3 Rf1 29. Rd2 Rxf2+ 30. Rxf2 Bxf2 31. Qf5 1/2-1/2

[Event "North Bay int."]
[Site "North Bay CAN"]
[Date "1995.08.06"]
[Round "8"]
[White "Levine, David"]
[Black "Hergott, Deen"]
[Result "0-1"]
[WhiteElo "2522"]
[BlackElo "2569"]
[PlyCount "110"]
[EventDate "1995.08.03"]
[EventType "swiss"]
[EventRounds "8"]
[EventCountry "CAN"]

1. d4 e6 2. Nf3 c5 3. e3 b6 4. Bd3 Bb7 5. O-O Nf6 6. Nbd2 Be7 7. c3 Nc6 8. Re1
d5 9. Ne5 Nxe5 10. dxe5 Nd7 11. f4 Qc7 12. e4 c4 13. Bc2 g5 14. exd5 Bxd5 15.
Nf3 gxf4 16. Bxf4 O-O-O 17. Qe2 Rhg8 18. Be4 Bxe4 19. Qxe4 Nc5 20. Qxc4 Nd3 21.
Qxc7+ Kxc7 22. Re4 Nxb2 23. Kf1 Rd5 24. Be3 Ra5 25. g3 h5 26. Bd4 Rg4 27. Re2
Nc4 28. Rf2 Kd7 29. Kg2 Ke8 30. Kh3 Bd8 31. Re1 Bc7 32. Ree2 Rd5 33. Rf1 a6 34.
Rfe1 Ra5 35. Rd1 Rb5 36. Rde1 Ra5 37. Rd1 Ra3 38. Rb1 b5 39. Rb3 Ra4 40. Rb1
Na5 41. Rd1 Nc6 42. Kg2 Ne7 43. Kh3 Nd5 44. Rb1 Ba5 45. Rb3 Rc4 46. Ra3 Bxc3
47. Ba7 Ra4 48. Rb3 Rge4 49. Rxe4 Rxe4 50. Ra3 a5 51. Kg2 a4 52. Bb8 Re2+ 53.
Kf1 Rc2 54. Bd6 Ne3+ 55. Kg1 Nc4 0-1

[Event "Quebec op"]
[Site "Montreal CAN"]
[Date "1995.??.??"]
[Round "1"]
[White "Hergott, Deen"]
[Black "Levkovsky, Alexandre"]
[Result "1-0"]
[WhiteElo "2475"]
[BlackElo "2195"]
[PlyCount "69"]
[EventDate "1995.07.26"]
[EventType "swiss"]
[EventRounds "9"]
[EventCountry "CAN"]

1. d4 Nf6 2. c4 e6 3. Nc3 Bb4 4. Nf3 O-O 5. Bg5 d5 6. e3 c5 7. cxd5 Qxd5 8.
Bxf6 gxf6 9. Qd2 Bxc3 10. bxc3 c4 11. a4 Bd7 12. Be2 Qa5 13. Qb2 Bxa4 14. Bxc4
Nd7 15. O-O Qb6 16. Qa2 Bc6 17. d5 exd5 18. Bxd5 Qc5 19. Rfd1 Ne5 20. Bxc6 Nxc6
21. Qb2 b6 22. c4 Ne5 23. Rd4 Nxf3+ 24. gxf3 Qe5 25. Kh1 Kh8 26. Qb5 Rg8 27.
Qxe5 fxe5 28. Rd7 a5 29. Rxf7 Rg6 30. c5 bxc5 31. Rc7 a4 32. Rxc5 a3 33. Rc2
Rb8 34. Rac1 Ra8 35. Ra1 1-0

[Event "Quebec op"]
[Site "Montreal CAN"]
[Date "1995.??.??"]
[Round "2"]
[White "Mikanovic, Goran"]
[Black "Hergott, Deen"]
[Result "0-1"]
[WhiteElo "2209"]
[BlackElo "2475"]
[PlyCount "128"]
[EventDate "1995.07.26"]
[EventType "swiss"]
[EventRounds "9"]
[EventCountry "CAN"]
[Source "ChessBase"]
[SourceDate "1998.11.10"]

1. d4 g6 2. c4 Bg7 3. e4 d6 4. Nc3 e5 5. Nf3 exd4 6. Nxd4 Ne7 7. Be3 Nbc6 8.
Be2 O-O 9. O-O f5 10. Qd2 Nxd4 11. Bxd4 Bxd4 12. Qxd4 Be6 13. Rad1 Nc6 14. Qd2
Qf6 15. Nd5 Bxd5 16. Qxd5+ Kg7 17. exf5 Rae8 18. Qd2 gxf5 19. b3 Nd4 20. Bh5
Re4 21. Rde1 c5 22. Re3 Rh4 23. Rg3+ Kh8 24. Bf3 f4 25. Rg4 Rxg4 26. Bxg4 Rg8
27. f3 Re8 28. Re1 Rxe1+ 29. Qxe1 Qg5 30. Kf2 Kg7 31. Qd2 h5 32. Bc8 b6 33. Qd3
Kf6 34. g3 h4 35. gxh4 Qh5 36. Qe4 Qxh4+ 37. Kg2 Qg5+ 38. Bg4 Qe5 39. Qh7 Qe2+
40. Kg1 Qe1+ 41. Kg2 Qe2+ 42. Kg1 Nxf3+ 43. Bxf3 Qxf3 44. Qh8+ Kf5 45. Qf8+ Ke4
46. Qe7+ Kd3 47. Qe1 Qe2 48. Qf2 Qg4+ 49. Kf1 a5 50. Ke1 Qe6+ 51. Kd1 Qg4+ 52.
Ke1 Qg5 53. Qd2+ Ke4 54. Qe2+ Kf5 55. Qd3+ Ke6 56. Kf2 d5 57. cxd5+ Qxd5 58.
Qg6+ Ke5 59. Qxb6 Qd2+ 60. Kf1 Qd3+ 61. Kf2 Qd4+ 62. Kf1 f3 63. Qc7+ Ke4 64.
Qe7+ Kd3 0-1

[Event "Quebec op"]
[Site "Montreal CAN"]
[Date "1995.07.24"]
[Round "3"]
[White "Rozentalis, Eduardas"]
[Black "Hergott, Deen"]
[Result "1-0"]
[WhiteElo "2610"]
[BlackElo "2475"]
[PlyCount "67"]
[EventDate "1995.07.26"]
[EventType "swiss"]
[EventRounds "9"]
[EventCountry "CAN"]
[Source "ChessBase"]
[SourceDate "1998.11.10"]

1. e4 e6 2. d4 d5 3. Nd2 Nf6 4. e5 Nfd7 5. Bd3 c5 6. c3 Nc6 7. Ne2 cxd4 8. cxd4
f6 9. exf6 Nxf6 10. Nf3 Bd6 11. O-O O-O 12. Bg5 Qe8 13. Bf4 Bxf4 14. Nxf4 Ne4
15. Qc1 Bd7 16. Qe3 Nb4 17. Bxe4 dxe4 18. Qxe4 Bc6 19. d5 Nxd5 20. Qxe6+ Rf7
21. Qxe8+ Rxe8 22. Nxd5 Bxd5 23. Nd4 Rd7 24. Nf5 Re2 25. b3 Be6 26. Ng3 Rc2 27.
Rfe1 Kf7 28. Re3 Rdd2 29. Ne4 Re2 30. Ng5+ Ke7 31. Rxe2 Rxe2 32. Kf1 Bg4 33. h3
Re5 34. f4 1-0

[Event "Quebec op"]
[Site "Montreal CAN"]
[Date "1995.07.25"]
[Round "4"]
[White "Hergott, Deen"]
[Black "Hrivnak, Vladimir"]
[Result "1-0"]
[WhiteElo "2475"]
[BlackElo "2248"]
[PlyCount "81"]
[EventDate "1995.07.26"]
[EventType "swiss"]
[EventRounds "9"]
[EventCountry "CAN"]
[Source "ChessBase"]
[SourceDate "1998.11.10"]

1. Nf3 c5 2. c4 g6 3. d4 cxd4 4. Nxd4 Bg7 5. e4 Nc6 6. Be3 Nf6 7. Nc3 Ng4 8.
Qxg4 Nxd4 9. Qd1 Nc6 10. Qd2 h5 11. Be2 d6 12. O-O Be6 13. f4 Qa5 14. Rac1 Rc8
15. Kh1 Bg4 16. Bd3 Bd7 17. Qf2 h4 18. h3 b6 19. a3 Qa6 20. Nd5 Qb7 21. b4 e6
22. Nc3 Ne7 23. Bd4 f6 24. e5 dxe5 25. fxe5 f5 26. b5 Qb8 27. Ne4 Bxe5 28. Nf6+
Bxf6 29. Bxf6 Rh7 30. Bxh4 Qd6 31. Rfd1 Qxa3 32. Ra1 Qb3 33. Bxe7 Kxe7 34. Qd2
Rch8 35. Kh2 Kf6 36. Rdb1 Qxb1 37. Bxb1 Bc8 38. c5 bxc5 39. Qc3+ e5 40. Qxc5
Be6 41. Rxa7 1-0

[Event "Quebec op"]
[Site "Montreal CAN"]
[Date "1995.??.??"]
[Round "6"]
[White "Levtchouk, George"]
[Black "Hergott, Deen"]
[Result "0-1"]
[WhiteElo "2345"]
[BlackElo "2475"]
[PlyCount "93"]
[EventDate "1995.07.26"]
[EventType "swiss"]
[EventRounds "9"]
[EventCountry "CAN"]
[Source "ChessBase"]
[SourceDate "1998.11.10"]

1. d4 e6 2. c4 Bb4+ 3. Nd2 d5 4. cxd5 exd5 5. Ngf3 a5 6. g3 Nf6 7. Bg2 O-O 8.
O-O Bf5 9. Nh4 Bg4 10. h3 Be6 11. Ndf3 Ne4 12. Ne5 Nd7 13. Nd3 Be7 14. Nf3 Nb6
15. b3 a4 16. Bf4 axb3 17. axb3 Rxa1 18. Qxa1 Qd7 19. Qa7 Nc3 20. Qxb7 Nxe2+
21. Kh2 Nxf4 22. Nxf4 Bd6 23. Nxe6 fxe6 24. Qa6 Qe7 25. Re1 Nd7 26. Qe2 Re8 27.
Qe3 Nf6 28. Ne5 Bxe5 29. Qxe5 Qd6 30. Qe3 Kf7 31. Qc3 Rb8 32. Rc1 Rb4 33. Qe3
Qb6 34. Rc5 Rxb3 35. Rxc7+ Qxc7 36. Qxb3 h5 37. Qe3 h4 38. Bf3 hxg3+ 39. fxg3
Qc2+ 40. Qe2 Qc3 41. Qd1 Ke7 42. Kg2 Qb2+ 43. Kg1 Ne8 44. Be2 Nd6 45. g4 Ne4
46. Qd3 e5 47. dxe5 0-1

[Event "Quebec op"]
[Site "Montreal CAN"]
[Date "1995.07.28"]
[Round "7"]
[White "Sagalchik, Gennadij"]
[Black "Hergott, Deen"]
[Result "1-0"]
[WhiteElo "2515"]
[BlackElo "2475"]
[PlyCount "51"]
[EventDate "1995.07.26"]
[EventType "swiss"]
[EventRounds "9"]
[EventCountry "CAN"]
[Source "ChessBase"]
[SourceDate "1998.11.10"]

1. d4 c5 2. d5 f5 3. Nc3 Nf6 4. g3 g6 5. Bg2 Bg7 6. Nf3 O-O 7. O-O d6 8. Nd2
Na6 9. e4 Rb8 10. a4 Nc7 11. Nc4 fxe4 12. Nxe4 Nfxd5 13. Nexd6 exd6 14. Bxd5+
Kh8 15. Bf4 Bd4 16. Bxd6 Nxd5 17. c3 Bh3 18. cxd4 Nb6 19. dxc5 Nxc4 20. Qd4+
Qf6 21. Qxf6+ Rxf6 22. Bxb8 Bxf1 23. Rxf1 Re6 24. b4 g5 25. Rd1 Re2 26. b5 1-0

[Event "Quebec op"]
[Site "Montreal CAN"]
[Date "1995.07.29"]
[Round "8"]
[White "Hergott, Deen"]
[Black "Grondin, Jean-Philippe"]
[Result "1-0"]
[WhiteElo "2475"]
[BlackElo "2115"]
[PlyCount "37"]
[EventDate "1995.07.26"]
[EventType "swiss"]
[EventRounds "9"]
[EventCountry "CAN"]
[Source "ChessBase"]
[SourceDate "1998.11.10"]

1. d4 Nf6 2. Nf3 d5 3. c4 e6 4. g3 Bb4+ 5. Bd2 Qe7 6. Bg2 O-O 7. O-O Rd8 8. Qc2
Nc6 9. Bg5 h6 10. Bxf6 Qxf6 11. e3 Bf8 12. Nbd2 g6 13. Rac1 Bg7 14. Ne1 Qe7 15.
Nd3 Rd7 16. a3 Nb8 17. cxd5 exd5 18. Nf4 Qd8 19. Bh3 1-0

[Event "Quebec op"]
[Site "Montreal CAN"]
[Date "1995.??.??"]
[Round "9"]
[White "Taylor, Gordon"]
[Black "Hergott, Deen"]
[Result "0-1"]
[WhiteElo "2320"]
[BlackElo "2475"]
[PlyCount "100"]
[EventDate "1995.07.26"]
[EventType "swiss"]
[EventRounds "9"]
[EventCountry "CAN"]
[Source "ChessBase"]
[SourceDate "1998.11.10"]

1. Nf3 c5 2. c4 g6 3. d4 Bg7 4. e4 Qa5+ 5. Nc3 d6 6. Be2 Bg4 7. Be3 Bxf3 8.
Bxf3 Nc6 9. d5 Ne5 10. Be2 Nxc4 11. Bxc4 Bxc3+ 12. Kf1 Bg7 13. Qb3 Rb8 14. Bb5+
Kf8 15. g4 Nf6 16. f3 a6 17. Be2 h5 18. g5 Nd7 19. Kg2 Kg8 20. Qc2 Kh7 21. f4
Rhc8 22. Bd2 Qb6 23. Rab1 c4 24. Rhf1 Qc5 25. Rf3 b5 26. a3 Qc7 27. Rbf1 Kg8
28. Rh3 a5 29. e5 Qc5 30. Bxa5 Qxd5+ 31. Bf3 Qd3 32. Be4 Qxc2+ 33. Bxc2 e6 34.
exd6 Bxb2 35. Bc7 Rb7 36. Be4 Rbxc7 37. dxc7 Rxc7 38. Rb1 c3 39. Bc2 Nb6 40.
Rd3 Nc4 41. Rd8+ Kg7 42. Re1 Nxa3 43. Re2 Nxc2 44. Rxc2 Rb7 45. Rd3 b4 46. Rxb2
cxb2 47. Rb3 b1=Q 48. Rxb1 b3 49. Rb2 Rb4 50. Kf3 Kf8 0-1

[Event "CAN-op"]
[Site "Toronto CAN"]
[Date "1995.07.08"]
[Round "1"]
[White "Hergott, Deen"]
[Black "Diamond, Mike"]
[Result "1-0"]
[WhiteElo "2570"]
[BlackElo "2101"]
[PlyCount "39"]
[EventDate "1995.07.08"]
[EventType "swiss"]
[EventRounds "10"]
[EventCountry "CAN"]

1. d4 Nf6 2. Nf3 g6 3. c4 Bg7 4. Nc3 O-O 5. e4 d6 6. Be2 e5 7. d5 a5 8. Nd2 Ne8
9. h4 f5 10. h5 c6 11. hxg6 hxg6 12. c5 cxd5 13. Nxd5 Be6 14. Nb6 Na6 15. Bc4
Nxc5 16. Nxa8 b5 17. Bxe6+ Nxe6 18. Qb3 Rf6 19. Qd5 Kf8 20. Nf3 1-0

[Event "CAN-op"]
[Site "Toronto CAN"]
[Date "1995.07.09"]
[Round "2"]
[White "Lamb, Bryan"]
[Black "Hergott, Deen"]
[Result "0-1"]
[WhiteElo "2228"]
[BlackElo "2570"]
[PlyCount "64"]
[EventDate "1995.07.08"]
[EventType "swiss"]
[EventRounds "10"]
[EventCountry "CAN"]

1. e4 g6 2. Nf3 Bg7 3. d4 d6 4. h3 Nf6 5. Nc3 c6 6. Be3 O-O 7. Qd2 b5 8. Bd3
Nbd7 9. e5 dxe5 10. dxe5 b4 11. Ne2 Nd5 12. Ned4 Nxe3 13. Qxe3 Qb6 14. Nxc6
Qxe3+ 15. fxe3 Bb7 16. Be4 Kh8 17. O-O-O Nc5 18. Bd5 e6 19. Nxb4 exd5 20. Nxd5
Rae8 21. Nc7 Bxf3 22. gxf3 Rxe5 23. e4 Rb8 24. b3 f5 25. b4 Bh6+ 26. Kb2 Rxb4+
27. Kc3 Rb8 28. Rd5 Na4+ 29. Kd3 Re7 30. Na6 Rc8 31. c4 fxe4+ 32. fxe4 Nb2+ 0-1

[Event "CAN-op"]
[Site "Toronto CAN"]
[Date "1995.07.09"]
[Round "3"]
[White "Hergott, Deen"]
[Black "Jung, Hans"]
[Result "1/2-1/2"]
[WhiteElo "2570"]
[BlackElo "2266"]
[PlyCount "82"]
[EventDate "1995.07.08"]
[EventType "swiss"]
[EventRounds "10"]
[EventCountry "CAN"]

1. Nf3 c5 2. c4 Nc6 3. Nc3 g6 4. e3 Nf6 5. d4 cxd4 6. exd4 d5 7. cxd5 Nxd5 8.
Qb3 Nxc3 9. Bc4 Nd5 10. Bxd5 e6 11. Bxc6+ bxc6 12. O-O Qb6 13. Qc2 Ba6 14. Re1
Bg7 15. Bf4 O-O 16. Be5 f6 17. Bd6 Rfe8 18. Re3 Qb5 19. Rc3 Qd5 20. Ba3 Bb7 21.
Rc5 Qd7 22. Re1 Rab8 23. Qa4 a6 24. Rc2 Qf7 25. Bc5 Rbd8 26. Rce2 Rd5 27. Qc4
Bc8 28. b4 e5 29. dxe5 fxe5 30. Ng5 Qf5 31. Ne4 Qe6 32. f4 Kh8 33. Nc3 Rd1 34.
Qxe6 Rxe1+ 35. Rxe1 Rxe6 36. Rd1 Re8 37. Ne4 Kg8 38. Nd6 Rd8 39. fxe5 Bxe5 40.
g3 Bg4 41. Rd2 Bxd6 1/2-1/2

[Event "CAN-op"]
[Site "Toronto CAN"]
[Date "1995.07.10"]
[Round "4"]
[White "Barankin, Garry"]
[Black "Hergott, Deen"]
[Result "0-1"]
[WhiteElo "1707"]
[BlackElo "2570"]
[PlyCount "34"]
[EventDate "1995.07.08"]
[EventType "swiss"]
[EventRounds "10"]
[EventCountry "CAN"]

1. d4 Nf6 2. c4 e6 3. Nc3 c5 4. d5 exd5 5. cxd5 d6 6. e4 g6 7. Be2 Bg7 8. Bg5
O-O 9. Qd2 a6 10. a4 Qa5 11. Bh6 Bxh6 12. Qxh6 Nxe4 13. Rc1 Nxc3 14. Rxc3 Qxa4
15. Nf3 Qa1+ 16. Kd2 Qxb2+ 17. Kd3 Bf5+ 0-1

[Event "CAN-op"]
[Site "Toronto CAN"]
[Date "1995.07.11"]
[Round "5"]
[White "Hergott, Deen"]
[Black "Milicevic, Goran"]
[Result "1/2-1/2"]
[WhiteElo "2570"]
[BlackElo "2387"]
[PlyCount "122"]
[EventDate "1995.07.08"]
[EventType "swiss"]
[EventRounds "10"]
[EventCountry "CAN"]

1. d4 d5 2. Nf3 Bf5 3. c4 e6 4. Nc3 c6 5. g3 Nd7 6. Bg2 Ngf6 7. O-O Be7 8. Nh4
Bg6 9. Nxg6 hxg6 10. Qd3 O-O 11. Rd1 Qc7 12. Bg5 Qa5 13. cxd5 exd5 14. a3 Rfe8
15. b4 Qd8 16. b5 Nb6 17. bxc6 bxc6 18. Bxf6 gxf6 19. e4 Nc4 20. exd5 Nb2 21.
Qc2 Nxd1 22. Rxd1 Qa5 23. dxc6 Bxa3 24. Ra1 Qb4 25. Rb1 Qa5 26. Ra1 Qb4 27. Rb1
Qa5 28. Bd5 Kg7 29. Rb7 Re7 30. Qb3 Rf8 31. Rb5 Qa6 32. Ne4 f5 33. Ng5 Bd6 34.
Kg2 Qa1 35. Nf3 f4 36. Rb7 fxg3 37. hxg3 Rh8 38. Qb1 Qxb1 39. Rxb1 a5 40. Nd2
Rb8 41. Rb7 Rbxb7 42. cxb7 Bb8 43. Bc6 f5 44. Nc4 a4 45. Kf3 Kf6 46. g4 Rh7 47.
Bxa4 Rxb7 48. Ne3 Ra7 49. Bd1 Ra3 50. gxf5 gxf5 51. Kg2 Ba7 52. Nd5+ Kg6 53.
Bc2 Ra2 54. Ne3 Bxd4 55. Bxf5+ Kf6 56. Nc2 Bxf2 57. Bd3 Bc5 58. Kf3 Ke5 59. Be4
Ra4 60. Bh7 Rh4 61. Bd3 Rh2 1/2-1/2

[Event "CAN-op"]
[Site "Toronto CAN"]
[Date "1995.07.12"]
[Round "6"]
[White "Campbell, Brett"]
[Black "Hergott, Deen"]
[Result "0-1"]
[WhiteElo "2288"]
[BlackElo "2570"]
[PlyCount "96"]
[EventDate "1995.07.08"]
[EventType "swiss"]
[EventRounds "10"]
[EventCountry "CAN"]

1. Nf3 Nf6 2. g3 d5 3. Bg2 c6 4. O-O Bf5 5. d3 h6 6. b3 e6 7. Bb2 Be7 8. Nbd2
O-O 9. Re1 a5 10. e4 Bh7 11. a4 Na6 12. e5 Nd7 13. Nd4 Nb4 14. f4 Qb6 15. Kh1
c5 16. Nb5 Rac8 17. Bc3 Rfd8 18. Na3 Kh8 19. Qf3 Nb8 20. g4 N8c6 21. Qf2 Nd4
22. Bxd4 cxd4 23. Nf3 Bxd3 24. cxd3 Nxd3 25. Qa2 Bxa3 26. Qxa3 Nf2+ 27. Kg1 d3
28. Qb2 Nh3+ 29. Kh1 Nxf4 30. Qd4 Qxd4 31. Nxd4 Rc3 32. Rab1 Rdc8 33. Red1 f6
34. exf6 gxf6 35. Bf1 e5 36. Nb5 Rc2 37. Bxd3 Nxd3 38. Rxd3 d4 39. Rbd1 Re2 40.
R3d2 Re3 41. Rd3 Rc1 42. Rxd4 Re1+ 43. Rxe1 Rxe1+ 44. Kg2 exd4 45. Nxd4 Re4 46.
Nf3 Rxg4+ 47. Kf2 Rb4 48. Nd2 Kg7 0-1

[Event "CAN-op"]
[Site "Toronto CAN"]
[Date "1995.07.13"]
[Round "7"]
[White "Hergott, Deen"]
[Black "Teodoro, Eduardo"]
[Result "1/2-1/2"]
[WhiteElo "2570"]
[BlackElo "2394"]
[PlyCount "56"]
[EventDate "1995.07.08"]
[EventType "swiss"]
[EventRounds "10"]
[EventCountry "CAN"]

1. d4 Nf6 2. Bg5 e6 3. e4 h6 4. Bxf6 Qxf6 5. Nc3 Bb4 6. Qd2 e5 7. dxe5 Qxe5 8.
Bd3 Nc6 9. Nge2 Nd4 10. a3 Nxe2 11. axb4 Nxc3 12. bxc3 b6 13. f4 Qe7 14. O-O
Bb7 15. e5 O-O 16. Qe2 a5 17. f5 f6 18. e6 axb4 19. Rxa8 Rxa8 20. cxb4 Qxb4 21.
Bb5 dxe6 22. fxe6 Ra1 23. Rxa1 Qd4+ 24. Kf1 Qxa1+ 25. Kf2 Qd4+ 26. Kf1 Qf4+ 27.
Kg1 Qc1+ 28. Kf2 Qf4+ 1/2-1/2

[Event "CAN-op"]
[Site "Toronto CAN"]
[Date "1995.07.14"]
[Round "8"]
[White "Findlay, Ian"]
[Black "Hergott, Deen"]
[Result "1/2-1/2"]
[WhiteElo "2381"]
[BlackElo "2570"]
[PlyCount "95"]
[EventDate "1995.07.08"]
[EventType "swiss"]
[EventRounds "10"]
[EventCountry "CAN"]

1. e4 e6 2. d4 d5 3. Nd2 Nf6 4. e5 Nfd7 5. Bd3 c5 6. c3 Nc6 7. Ne2 cxd4 8. cxd4
f6 9. exf6 Nxf6 10. Nf3 Bd6 11. O-O O-O 12. b3 e5 13. dxe5 Nxe5 14. Ned4 Ne4
15. Bb2 Qf6 16. Nxe5 Qxe5 17. Nf3 Qxb2 18. Bxe4 dxe4 19. Qd5+ Kh8 20. Qxd6 Bg4
21. Ne5 Bh5 22. Nc4 Qe2 23. Qd4 Qd3 24. Qe5 Be2 25. Rfe1 Rae8 26. Qb2 Bh5 27.
Ne3 Rd8 28. Rec1 Qd4 29. Qxd4 Rxd4 30. Rc5 Bg6 31. Rac1 h6 32. R1c2 Rfd8 33. g4
Rd2 34. h4 Rxc2 35. Rxc2 Be8 36. Rc7 Bc6 37. h5 Rd2 38. Nf5 Bd7 39. Ne3 Bc6 40.
Nf5 Bd7 41. Ne3 Bc6 42. a4 Rb2 43. Nf5 Rxb3 44. Ne7 Kh7 45. Nxc6 bxc6 46. Rxc6
e3 47. fxe3 Rxe3 48. Rc4 1/2-1/2

[Event "Ontario op"]
[Site "Toronto CAN"]
[Date "1995.??.??"]
[Round "?"]
[White "Livshits, Ron"]
[Black "Hergott, Deen"]
[Result "1-0"]
[WhiteElo "2524"]
[BlackElo "2560"]
[PlyCount "129"]
[EventDate "1995.05.20"]
[EventType "swiss"]
[EventRounds "6"]
[EventCountry "CAN"]

1. d4 g6 2. e4 Bg7 3. Nc3 c5 4. d5 d6 5. Nf3 Nf6 6. Bc4 O-O 7. O-O Bg4 8. h3
Bxf3 9. Qxf3 Nbd7 10. Qd1 Qa5 11. Re1 Nb6 12. Bf1 Na4 13. Nxa4 Qxa4 14. b3 Qd4
15. Qxd4 cxd4 16. Bb2 Rfc8 17. Bxd4 Rxc2 18. Bd3 Rd2 19. Red1 Rxd1+ 20. Rxd1
Nd7 21. Bb5 Bxd4 22. Bxd7 Bc5 23. Rc1 Kg7 24. Rc4 Rd8 25. Bg4 b5 26. Rc3 b4 27.
Rc4 Kf6 28. g3 g5 29. Kg2 Ke5 30. h4 h6 31. hxg5 hxg5 32. Bh5 Rh8 33. Bg4 Rb8
34. Bd7 Rd8 35. Bc6 g4 36. Rc1 Rh8 37. Rf1 Rh6 38. Be8 f6 39. Re1 Kd4 40. Bd7
Rg6 41. Bf5 Rg8 42. Rc1 Kd3 43. e5+ Kd2 44. Rc2+ Kd1 45. exf6 exf6 46. Rc4 Rg5
47. Bxg4+ Kd2 48. Be6 a5 49. f4 Rg7 50. Kf3 a4 51. g4 axb3 52. axb3 Rh7 53. Ke4
Rh3 54. Rxc5 dxc5 55. d6 Rd3 56. d7 c4 57. Bxc4 Rxd7 58. g5 fxg5 59. fxg5 Kc3
60. Kf5 Rd2 61. g6 Rf2+ 62. Ke6 Rg2 63. Kf7 Rf2+ 64. Kg8 Rf4 65. Bf7 1-0

[Event "Ontario op"]
[Site "Toronto CAN"]
[Date "1995.05.20"]
[Round "2"]
[White "Hergott, Deen"]
[Black "Brice, Ron"]
[Result "1-0"]
[WhiteElo "2569"]
[BlackElo "2027"]
[PlyCount "35"]
[EventDate "1995.05.20"]
[EventType "swiss"]
[EventRounds "6"]
[EventCountry "CAN"]

1. d4 d5 2. Nf3 c5 3. c4 Nf6 4. cxd5 Nxd5 5. e4 Nf6 6. d5 g6 7. Nc3 Bg7 8. e5
Ng4 9. Bf4 Nd7 10. e6 Nde5 11. h3 Nxf3+ 12. Qxf3 Qb6 13. Bb5+ Kf8 14. Bc7 Ne5
15. Bxe5 Bxe6 16. Bxg7+ Kxg7 17. dxe6 Qxe6+ 18. Qe2 1-0

[Event "Toronto op"]
[Site "Toronto CAN"]
[Date "1995.04.??"]
[Round "?"]
[White "Milicevic, Goran"]
[Black "Hergott, Deen"]
[Result "1/2-1/2"]
[WhiteElo "2388"]
[BlackElo "2565"]
[PlyCount "119"]
[EventDate "1995.04.14"]
[EventType "swiss"]
[EventRounds "6"]
[EventCountry "CAN"]

1. d4 g6 2. e4 Bg7 3. Nf3 d6 4. h3 Nf6 5. Nc3 O-O 6. Be3 c6 7. Qd2 b5 8. Bd3
Nbd7 9. e5 dxe5 10. dxe5 b4 11. Ne2 Nd5 12. Bh6 Qc7 13. Bxg7 Kxg7 14. Qg5 f6
15. exf6+ exf6 16. Qh4 Ne5 17. Nxe5 Qxe5 18. Qd4 Qxd4 19. Nxd4 Nf4 20. O-O-O
Nxd3+ 21. Rxd3 c5 22. Nb5 Bf5 23. Rd5 Be4 24. Rxc5 Bxg2 25. Rg1 Be4 26. Rc7+
Kh6 27. Nd6 f5 28. Nf7+ Rxf7 29. Rxf7 Rc8 30. c3 bxc3 31. b3 a5 32. Ra7 Rc5 33.
Rd1 f4 34. Rdd7 g5 35. Rac7 Rb5 36. Rxc3 Kh5 37. Rd6 a4 38. Kb2 axb3 39. axb3
Bg6 40. Rc7 Re5 41. Kc3 Re2 42. Rd2 Re1 43. Kd4 Rb1 44. Rc3 Bf7 45. Rdd3 Rb2
46. Kc5 Bg6 47. Rd4 Rxf2 48. b4 Re2 49. b5 Be4 50. b6 f3 51. Rxe4 Rxe4 52. b7
Re8 53. Rxf3 Kh4 54. Ra3 Rb8 55. Kc6 h5 56. Kc7 Rxb7+ 57. Kxb7 g4 58. hxg4 hxg4
59. Kc6 g3 60. Rxg3 1/2-1/2

[Event "Toronto op"]
[Site "Toronto CAN"]
[Date "1995.04.14"]
[Round "1"]
[White "Hergott, Deen"]
[Black "Gardner, Robert"]
[Result "1-0"]
[WhiteElo "2565"]
[BlackElo "2297"]
[PlyCount "41"]
[EventDate "1995.04.14"]
[EventType "swiss"]
[EventRounds "6"]
[EventCountry "CAN"]

1. g3 e5 2. Bg2 Nc6 3. d3 g6 4. a3 a5 5. Nc3 Bg7 6. h4 Nge7 7. h5 d5 8. e4 Be6
9. h6 Bf6 10. Qf3 Ng8 11. exd5 Nd4 12. Qd1 Bg4 13. f3 Bd7 14. Ne4 Be7 15. c3
Nb5 16. f4 f5 17. fxe5 fxe4 18. dxe4 Bg5 19. a4 Na7 20. e6 Bc8 21. Qf3 1-0

[Event "Toronto op"]
[Site "Toronto CAN"]
[Date "1995.04.14"]
[Round "2"]
[White "Vencl, Radivoje"]
[Black "Hergott, Deen"]
[Result "0-1"]
[WhiteElo "2316"]
[BlackElo "2565"]
[PlyCount "70"]
[EventDate "1995.04.14"]
[EventType "swiss"]
[EventRounds "6"]
[EventCountry "CAN"]

1. e4 e6 2. f4 d5 3. e5 c5 4. Nf3 Nh6 5. c3 Nc6 6. Bd3 c4 7. Bc2 Bc5 8. b4 Bb6
9. b5 Na5 10. d4 cxd3 11. Qxd3 Bd7 12. a4 Rc8 13. Be3 Ng4 14. Bxb6 Qxb6 15. Nd4
Nc4 16. O-O Nce3 17. Bd1 Nxd1 18. Rxd1 O-O 19. Nd2 f6 20. exf6 Rxf6 21. Rf1 Qc7
22. h3 Nh6 23. Ne2 Qc5+ 24. Kh2 Nf5 25. c4 Ne3 26. Rfc1 Rg6 27. Ng3 Rh6 28. Nh1
e5 29. fxe5 Bf5 30. Qe2 d4 31. Nf3 d3 32. Qd2 Rf8 33. Re1 Nc2 34. Ng3 Bxh3 35.
gxh3 Nxa1 0-1